[Event "4NCL 3 North pool A"]
[Site "Wakefield, ENG ENG"]
[Date "2015.11.15"]
[Round "2.55"]
[White "Doran, Chris"]
[Black "Wallace, Paul"]
[Result "1/2-1/2"]
[WhiteElo "2019"]
[BlackElo "2221"]
[PlyCount "134"]
[EventDate "2015.11.15"]
[WhiteTeam "Holmes Chapel"]
[BlackTeam "Cheddleton 2"]

1. e4 e5 2. Nf3 Nc6 3. Bb5 Bc5 4. c3 Nf6 5. O-O O-O 6. d4 Bb6 7. Bg5 d6 8. Bxc6
bxc6 9. dxe5 dxe5 10. Qxd8 Rxd8 11. Nxe5 Ba6 12. Bxf6 gxf6 13. Nxc6 Rd6 14.
Ne7+ Kf8 15. Nf5 Bxf1 16. Nxd6 Bd3 17. Nf5 Bxe4 18. Ng3 Bg6 19. Nd2 Rd8 20. Nc4
Bc5 21. Re1 Rd3 22. Ne3 f5 23. Ngf1 f4 24. Nc4 f6 25. Nfd2 Bf7 26. Kf1 Rd8 27.
Kg1 Rd3 28. Kf1 Rd5 29. h3 Rh5 30. Re4 Rf5 31. Nb3 Be7 32. Nbd2 Bd5 33. Re1 Rh5
34. b3 f3 35. Nxf3 Bxf3 36. gxf3 Rxh3 37. Kg2 Rh5 38. Re6 Rg5+ 39. Kh3 Rh5+ 40.
Kg2 Rg5+ 41. Kh3 Rh5+ 42. Kg4 Rg5+ 43. Kh4 Rf5 44. f4 Rxf4+ 45. Kg3 Rf5 46. f4
Rd5 47. Rc6 f5 48. Rxc7 Rd3+ 49. Kg2 Rxc3 50. Rxa7 Kf7 51. Ne5+ Ke6 52. Nf3 Bc5
53. Ng5+ Kd5 54. Rd7+ Kc6 55. Rxh7 Rc2+ 56. Kf3 Rxa2 57. Rf7 Rb2 58. Rxf5 Rxb3+
59. Kg4 Be3 60. Rf6+ Kd7 61. f5 Bxg5 62. Kxg5 Ke7 63. Ra6 Rg3+ 64. Kf4 Rg1 65.
Re6+ Kf7 66. Ke3 Re1+ 67. Kd4 Rd1+ 1/2-1/2

[Event "4NCL 3 North pool A"]
[Site "Wakefield, ENG ENG"]
[Date "2015.11.15"]
[Round "2.56"]
[White "Richardson, Alex"]
[Black "Bennett, Patrick"]
[Result "1-0"]
[WhiteElo "2123"]
[BlackElo "2016"]
[PlyCount "127"]
[EventDate "2015.11.15"]
[WhiteTeam "Cheddleton 2"]
[BlackTeam "Holmes Chapel"]

1. d4 d5 2. c4 e6 3. Nc3 Nf6 4. cxd5 exd5 5. Bg5 Be7 6. e3 c6 7. Qc2 Nbd7 8.
Bd3 h6 9. Bh4 O-O 10. Nge2 Re8 11. f3 Nf8 12. O-O Ne6 13. Rad1 Ng5 14. Kh1 b6
15. Bf2 Bb7 16. Bg1 Bf8 17. e4 Ne6 18. e5 Nd7 19. f4 c5 20. Qd2 cxd4 21. Nxd4
g5 22. Nxe6 fxe6 23. Bb1 Bg7 24. Qd3 Nf8 25. fxg5 Qxg5 26. Be3 Qxe5 27. Rxf8+
Kxf8 28. Qh7 Re7 29. Bg6 Qf6 30. Ne2 e5 31. Ng3 d4 32. Bd2 e4 33. Bb4 e3 34.
Bxe7+ Kxe7 35. Nf5+ Kd7 36. Nxe3 Rh8 37. Bf5+ Ke7 38. Ng4 Bxg2+ 39. Kxg2 Rxh7
40. Nxf6 Rh8 41. Ne4 Rd8 42. Nf2 Rd5 43. Be4 Rg5+ 44. Kf3 Be5 45. Ng4 Bg7 46.
h4 Ra5 47. Bb1 h5 48. Re1+ Kd7 49. Nf2 Bf6 50. Rd1 Ke7 51. Rh1 Rb5 52. b3 a5
53. Ne4 Rf5+ 54. Ke2 Be5 55. Rf1 Rxf1 56. Kxf1 Kd7 57. Bd3 Kc6 58. a4 Kd7 59.
Ke2 Ke6 60. Kf3 Bc7 61. Bc4+ Kf5 62. Ng3+ Ke5 63. Nxh5 Bd8 64. Nf4 1-0

[Event "4NCL 3 North pool A"]
[Site "Wakefield, ENG ENG"]
[Date "2015.11.15"]
[Round "2.57"]
[White "Turner, John M"]
[Black "Edwards, Simon R"]
[Result "1/2-1/2"]
[WhiteElo "2035"]
[BlackElo "2020"]
[PlyCount "39"]
[EventDate "2015.11.15"]
[WhiteTeam "Holmes Chapel"]
[BlackTeam "Cheddleton 2"]

1. Nf3 c5 2. c4 Nc6 3. Nc3 g6 4. g3 Bg7 5. Bg2 e6 6. e3 Nge7 7. d4 O-O 8. O-O
b6 9. b3 d5 10. cxd5 exd5 11. Bb2 cxd4 12. Nxd4 Nxd4 13. exd4 Be6 14. Ne2 Bg4
15. Qd2 Bxe2 16. Qxe2 Nf5 17. Qd3 Qf6 18. Rfd1 Rad8 19. Rac1 Rfe8 20. Rc7
1/2-1/2

[Event "4NCL 3 North pool A"]
[Site "Wakefield, ENG ENG"]
[Date "2015.11.15"]
[Round "2.58"]
[White "Davison, Colin F S"]
[Black "Laurence, Geoff"]
[Result "1/2-1/2"]
[WhiteElo "2004"]
[BlackElo "2008"]
[PlyCount "46"]
[EventDate "2015.11.15"]
[WhiteTeam "Cheddleton 2"]
[BlackTeam "Holmes Chapel"]

1. e4 Nc6 2. d4 d5 3. e5 f6 4. Bb5 Bd7 5. Bxc6 Bxc6 6. f4 Qd7 7. Nf3 Bb5 8. Nc3
Ba6 9. Be3 Nh6 10. Qd2 O-O-O 11. O-O-O e6 12. h3 Nf7 13. Rhg1 h6 14. g4 Bb4 15.
Ne1 Qc6 16. Nd3 Bxc3 17. Qxc3 Qxc3 18. bxc3 b6 19. Rde1 Rde8 20. Bd2 Kd7 21.
Rg3 Bc4 22. Kb2 a5 23. Rge3 Bxd3 1/2-1/2

[Event "4NCL 3 North pool A"]
[Site "Wakefield, ENG ENG"]
[Date "2015.11.15"]
[Round "2.59"]
[White "Pearson, Raymond"]
[Black "Jamieson, Ian"]
[Result "1-0"]
[WhiteElo "1908"]
[BlackElo "1943"]
[PlyCount "79"]
[EventDate "2015.11.15"]
[WhiteTeam "Holmes Chapel"]
[BlackTeam "Cheddleton 2"]

1. c4 b6 2. Nc3 Bb7 3. e4 e5 4. Nf3 Nc6 5. d4 exd4 6. Nxd4 Bc5 7. Be3 Nge7 8.
Be2 O-O 9. O-O Nxd4 10. Bxd4 Bxd4 11. Qxd4 Nc6 12. Qd2 Qe7 13. Rad1 d6 14. Rfe1
Rae8 15. Bf1 a5 16. Nd5 Qd8 17. Qc1 Qb8 18. g3 Ne5 19. Bg2 Nd7 20. f4 Nc5 21.
Qc2 Bxd5 22. cxd5 f6 23. a3 a4 24. Bf1 b5 25. e5 fxe5 26. fxe5 Qb6 27. Kh1 Rxe5
28. Rxe5 dxe5 29. Qe2 Qf6 30. Bg2 Rb8 31. Rf1 Qe7 32. Re1 b4 33. Qc4 Qd6 34.
axb4 Nd7 35. b5 Nb6 36. Qe4 Re8 37. Rc1 Re7 38. Rc6 Qd7 39. d6 Re6 40. Bh3 1-0

[Event "4NCL 3 North pool A"]
[Site "Wakefield, ENG ENG"]
[Date "2015.11.15"]
[Round "2.60"]
[White "Sizeland, Chris M"]
[Black "Roberts, Malcolm A"]
[Result "1-0"]
[WhiteElo "1937"]
[BlackElo "1769"]
[PlyCount "111"]
[EventDate "2015.11.15"]
[WhiteTeam "Cheddleton 2"]
[BlackTeam "Holmes Chapel"]

1. d4 d5 2. Bg5 Nf6 3. Nd2 Nc6 4. Ngf3 h6 5. Bh4 Bd7 6. e3 e6 7. c3 Be7 8. Bd3
O-O 9. Ne5 Nxe5 10. dxe5 Ne8 11. Bxe7 Qxe7 12. Nf3 c5 13. Qe2 Bc6 14. O-O Rd8
15. Rad1 g6 16. Nd2 Ng7 17. e4 Nh5 18. f4 c4 19. Bc2 Qc5+ 20. Kh1 Qe7 21. g4
Ng7 22. Nf3 b5 23. Nd4 Qb7 24. f5 dxe4 25. f6 Ne8 26. Nxc6 Rxd1 27. Ne7+ Kh7
28. Rxd1 e3+ 29. Kg1 Qb6 30. h4 Qc5 31. h5 Qxe5 32. hxg6+ fxg6 33. Bxg6+ Kh8
34. Bxe8 Qg3+ 35. Qg2 e2 36. Ng6+ Kg8 37. Bf7+ Kh7 38. Nxf8+ Kh8 39. Ng6+ Kh7
40. Qxg3 exd1=Q+ 41. Kh2 Qe2+ 42. Qg2 Qe3 43. Qc2 Qd3 44. Nf8+ Kh8 45. Qxd3
cxd3 46. Bg6 d2 47. Bc2 e5 48. Ng6+ Kg8 49. Nxe5 Kf8 50. Kg2 a5 51. Kf2 a4 52.
Ke2 Kg8 53. Kxd2 h5 54. gxh5 Kh8 55. f7 Kg7 56. Bg6 1-0

[Event "4NCL 3 North pool A"]
[Site "Wakefield, ENG ENG"]
[Date "2015.11.15"]
[Round "2.65"]
[White "Polaczek, Richard"]
[Black "Watson, Phil R"]
[Result "1/2-1/2"]
[WhiteElo "2427"]
[BlackElo "2158"]
[PlyCount "86"]
[EventDate "2015.11.15"]
[WhiteTeam "Broadland Bitterns"]
[BlackTeam "Bradford DCA Knights A"]

1. d4 d5 2. Nf3 Nf6 3. c4 e6 4. Nc3 c6 5. cxd5 exd5 6. Bg5 Bf5 7. e3 Be7 8. Be2
O-O 9. O-O Nbd7 10. h3 Ne4 11. Bf4 Qb6 12. Nd2 Nxc3 13. bxc3 Qb2 14. e4 Bxe4
15. Nxe4 dxe4 16. Rb1 Qxa2 17. Rxb7 Qe6 18. c4 Bd6 19. Bxd6 Qxd6 20. Qc2 Nf6
21. Rd1 g6 22. Qa4 Rfb8 23. c5 Qe6 24. Bc4 Nd5 25. Rdb1 Rxb7 26. Rxb7 e3 27.
Qa2 exf2+ 28. Qxf2 a5 29. Qf3 a4 30. Bxd5 Qxd5 31. Qxd5 cxd5 32. c6 Rc8 33. c7
Kg7 34. Ra7 Kf6 35. Kf2 Ke6 36. Ke3 Kd6 37. Ra6+ Kd7 38. Rxa4 Rxc7 39. Ra5 Ke6
40. Kf4 f6 41. Ra6+ Ke7 42. Ra5 Rd7 43. h4 h5 1/2-1/2

[Event "4NCL 3 North pool A"]
[Site "Wakefield, ENG ENG"]
[Date "2015.11.15"]
[Round "2.66"]
[White "Crowther, Mark D"]
[Black "Moore, Gerald"]
[Result "0-1"]
[WhiteElo "2140"]
[BlackElo "2112"]
[PlyCount "54"]
[EventDate "2015.11.15"]
[WhiteTeam "Bradford DCA Knights A"]
[BlackTeam "Broadland Bitterns"]

1. d4 g6 2. g3 Bg7 3. Bg2 Nf6 4. c4 O-O 5. Nc3 d6 6. Nf3 Nc6 7. O-O Bg4 8. h3
Bxf3 9. Bxf3 Nd7 10. e3 e5 11. d5 Ne7 12. e4 Kh8 13. Be3 f5 14. exf5 gxf5 15.
Bg5 Nf6 16. Qd2 Qd7 17. Kh2 Ng6 18. Be2 Rae8 19. h4 e4 20. Kg2 f4 21. gxf4 Ng4
22. h5 e3 23. fxe3 Nxe3+ 24. Kg1 Qh3 25. Bf3 Nxf4 26. Ne4 Nxf1 27. Rxf1 Rxe4
0-1

[Event "4NCL 3 North pool A"]
[Site "Wakefield, ENG ENG"]
[Date "2015.11.15"]
[Round "2.67"]
[White "McEwan, Ken B"]
[Black "Lang, Adam R"]
[Result "0-1"]
[WhiteElo "2065"]
[BlackElo "2119"]
[PlyCount "98"]
[EventDate "2015.11.15"]
[WhiteTeam "Broadland Bitterns"]
[BlackTeam "Bradford DCA Knights A"]

1. d4 d6 2. Nf3 g6 3. Bf4 Bg7 4. e3 Nf6 5. h3 O-O 6. Nbd2 Nbd7 7. Bc4 c6 8. O-O
b5 9. Bb3 Bb7 10. c3 c5 11. Re1 Qb6 12. e4 Rad8 13. d5 h6 14. Bc2 Ne8 15. Nf1
Ne5 16. Nxe5 dxe5 17. Be3 Qc7 18. Qd2 e6 19. Bxh6 exd5 20. Bxg7 Kxg7 21. Qe2 d4
22. cxd4 cxd4 23. Qxb5 Nf6 24. Rac1 Qe7 25. Bd3 Nh5 26. Rc5 Ba6 27. Rxe5 Bxb5
28. Rxe7 Bxd3 29. Rxa7 Nf4 30. Ng3 Bc2 31. Nf1 d3 32. Nd2 Ra8 33. Rxa8 Rxa8 34.
Ra1 Ne2+ 35. Kf1 Nd4 36. Ke1 Bb3 37. Nxb3 Nxb3 38. Rd1 d2+ 39. Ke2 Rxa2 40. Rb1
Ra4 41. f3 Rd4 42. Rd1 Kf6 43. Ke3 g5 44. g3 Rc4 45. f4 Rc1 46. Ke2 Kg6 47. h4
gxf4 48. gxf4 Kh5 49. e5 Kxh4 0-1

[Event "4NCL 3 North pool A"]
[Site "Wakefield, ENG ENG"]
[Date "2015.11.15"]
[Round "2.68"]
[White "Drabble, Andrew"]
[Black "Hughes, Roy"]
[Result "1-0"]
[WhiteElo "2058"]
[BlackElo "2110"]
[PlyCount "65"]
[EventDate "2015.11.15"]
[WhiteTeam "Bradford DCA Knights A"]
[BlackTeam "Broadland Bitterns"]

1. d4 d5 2. Nf3 c6 3. c4 Nf6 4. cxd5 cxd5 5. Nc3 Nc6 6. Bf4 g6 7. e3 a6 8. Be2
Bg7 9. h3 O-O 10. O-O Bf5 11. Rc1 Rc8 12. Ne5 Ne4 13. Nxe4 Bxe5 14. Bxe5 Bxe4
15. Bf4 Bf5 16. Qb3 Qd7 17. Rc5 Rfd8 18. Rfc1 Na5 19. Qb4 Nc4 20. b3 Nd6 21.
Qb6 Ne4 22. Rc7 Qe6 23. Qxb7 g5 24. Be5 f6 25. Bh2 Rxc7 26. Rxc7 Rc8 27. Rxc8+
Qxc8 28. Qxd5+ Kg7 29. Bc4 e6 30. Qa5 g4 31. hxg4 Bg6 32. f3 Ng5 33. Qc7+ 1-0

[Event "4NCL 3 North pool A"]
[Site "Wakefield, ENG ENG"]
[Date "2015.11.15"]
[Round "2.69"]
[White "Rahman, Yousuf"]
[Black "Allis, Richard"]
[Result "0-1"]
[WhiteElo "1829"]
[BlackElo "2093"]
[PlyCount "42"]
[EventDate "2015.11.15"]
[WhiteTeam "Broadland Bitterns"]
[BlackTeam "Bradford DCA Knights A"]

1. Nf3 f5 2. c4 c5 3. e3 Nf6 4. d4 e6 5. Nc3 d5 6. Bd3 Nc6 7. O-O Be7 8. cxd5
exd5 9. dxc5 O-O 10. Nd4 Ne4 11. Nxc6 bxc6 12. Bxe4 fxe4 13. b4 Bf6 14. Bb2 Ba6
15. Re1 Be5 16. Na4 Bxh2+ 17. Kxh2 Qh4+ 18. Kg1 Qxf2+ 19. Kh2 Rf3 20. Be5 Bc8
21. Qe2 Rh3# 0-1

[Event "4NCL 3 North pool A"]
[Site "Wakefield, ENG ENG"]
[Date "2015.11.15"]
[Round "2.70"]
[White "Nicholson, Jim W R"]
[Black "Badger, Paul"]
[Result "1/2-1/2"]
[WhiteElo "2010"]
[BlackElo "1873"]
[PlyCount "42"]
[EventDate "2015.11.15"]
[WhiteTeam "Bradford DCA Knights A"]
[BlackTeam "Broadland Bitterns"]

1. d4 d5 2. Nf3 Nf6 3. e3 g6 4. Bd3 Bg7 5. O-O O-O 6. Nbd2 Nc6 7. c4 e6 8. b3
a5 9. a3 e5 10. Nxe5 Nxe5 11. dxe5 Ng4 12. Nf3 Nxe5 13. Nxe5 Bxe5 14. Ra2 Be6
15. Qe2 Qe7 16. e4 dxc4 17. Bxc4 Bxc4 18. Qxc4 Rfd8 19. Be3 Rd7 20. a4 Rad8 21.
f3 Bd4 1/2-1/2

[Event "4NCL 3 North pool A"]
[Site "Wakefield, ENG ENG"]
[Date "2015.11.15"]
[Round "2.75"]
[White "Bentley, John L"]
[Black "Hilton, Tim"]
[Result "1/2-1/2"]
[WhiteElo "2161"]
[BlackElo "1960"]
[PlyCount "39"]
[EventDate "2015.11.15"]
[WhiteTeam "3Cs 2"]
[BlackTeam "Manchester Manticores 3"]

1. d4 e6 2. Nf3 Nf6 3. c4 Bb4+ 4. Bd2 Qe7 5. e3 Nc6 6. Bd3 O-O 7. O-O Bxd2 8.
Nbxd2 d6 9. Re1 e5 10. d5 Nb8 11. e4 a5 12. Nf1 Na6 13. Ne3 Nc5 14. Nf5 Bxf5
15. exf5 Qd7 16. Bc2 b5 17. Nd2 bxc4 18. Nxc4 Qb5 19. b3 a4 20. Ne3 1/2-1/2

[Event "4NCL 3 North pool A"]
[Site "Wakefield, ENG ENG"]
[Date "2015.11.15"]
[Round "2.76"]
[White "Altham, John T"]
[Black "Lau, Jason"]
[Result "1/2-1/2"]
[WhiteElo "1848"]
[BlackElo "2080"]
[PlyCount "66"]
[EventDate "2015.11.15"]
[WhiteTeam "Manchester Manticores 3"]
[BlackTeam "3Cs 2"]

1. e4 e5 2. Nf3 Nc6 3. Bb5 a6 4. Ba4 Nf6 5. O-O Be7 6. Re1 b5 7. Bb3 d6 8. c3
O-O 9. d4 Bg4 10. d5 Na5 11. Bc2 c5 12. dxc6 Qc7 13. Nbd2 Qxc6 14. Nf1 Nc4 15.
Ng3 Rfe8 16. h3 Bc8 17. a4 Rb8 18. Qe2 h6 19. Nh4 Bf8 20. Nhf5 Kh7 21. Qf3 Ng8
22. axb5 axb5 23. Ne3 Nxe3 24. Bxe3 Be6 25. Bd2 g6 26. h4 Be7 27. h5 Nf6 28.
Ra7 Rb7 29. Rea1 Reb8 30. Qe3 Ng4 31. Qf3 Nf6 32. Qe3 Ng4 33. Qf3 Nf6 1/2-1/2

[Event "4NCL 3 North pool A"]
[Site "Wakefield, ENG ENG"]
[Date "2015.11.15"]
[Round "2.77"]
[White "Adams, Philip"]
[Black "Green, Tom D A"]
[Result "1/2-1/2"]
[WhiteElo "2050"]
[BlackElo "1825"]
[PlyCount "47"]
[EventDate "2015.11.15"]
[WhiteTeam "3Cs 2"]
[BlackTeam "Manchester Manticores 3"]

1. e4 d6 2. d4 g6 3. Nf3 Bg7 4. c3 Nf6 5. Bd3 Nc6 6. h3 e5 7. O-O O-O 8. Re1 a6
9. Nbd2 Ne8 10. dxe5 Nxe5 11. Nxe5 Bxe5 12. Nf3 Bg7 13. Bg5 Nf6 14. Qd2 Be6 15.
c4 Re8 16. Rad1 Qd7 17. b3 Bxh3 18. gxh3 Qxh3 19. Bxf6 Qxf3 20. Bxg7 Qg4+ 21.
Kf1 Kxg7 22. Re3 f5 23. Rg3 Qh4 24. exf5 1/2-1/2

[Event "4NCL 3 North pool A"]
[Site "Wakefield, ENG ENG"]
[Date "2015.11.15"]
[Round "2.78"]
[White "Lonsdale, Jon I"]
[Black "Rita, Joao"]
[Result "0-1"]
[WhiteElo "1885"]
[BlackElo "2042"]
[PlyCount "66"]
[EventDate "2015.11.15"]
[WhiteTeam "Manchester Manticores 3"]
[BlackTeam "3Cs 2"]

1. e4 c6 2. d4 d5 3. exd5 cxd5 4. c4 Nf6 5. Nc3 g6 6. cxd5 Bg7 7. Bc4 O-O 8.
Nf3 Nbd7 9. O-O Nb6 10. Bb3 Nbxd5 11. Qe2 Re8 12. Ne5 a6 13. Qf3 Be6 14. Bg5
Nc7 15. Rfd1 Bxb3 16. axb3 Ne6 17. Be3 b5 18. d5 Nf8 19. Bc5 Qc7 20. Nc6 Kh8
21. b4 e5 22. Qd3 e4 23. Qd2 Ng4 24. g3 Ne5 25. Nxe5 Qxe5 26. Bd4 Qxd4 27. Qxd4
Bxd4 28. Rxd4 f5 29. f3 exf3 30. Kf2 Nd7 31. Kxf3 Ne5+ 32. Kg2 Nc4 33. d6 Ne3+
0-1

[Event "4NCL 3 North pool A"]
[Site "Wakefield, ENG ENG"]
[Date "2015.11.15"]
[Round "2.79"]
[White "Burke, Mitchell R"]
[Black "Green, Fiona"]
[Result "1-0"]
[WhiteElo "2012"]
[BlackElo "1788"]
[PlyCount "107"]
[EventDate "2015.11.15"]
[WhiteTeam "3Cs 2"]
[BlackTeam "Manchester Manticores 3"]

1. e4 g6 2. Nc3 d6 3. f4 Bg7 4. Nf3 c6 5. Bc4 Nf6 6. Bb3 O-O 7. O-O b5 8. Qe1
Qb6+ 9. Kh1 e6 10. d3 c5 11. Qh4 Nc6 12. Be3 Na5 13. e5 Nd7 14. exd6 Qxd6 15.
Nxb5 Qb6 16. Nc3 Nxb3 17. axb3 Bb7 18. Qf2 Qc7 19. Nd2 a6 20. Nc4 Rac8 21. Ne4
Bxe4 22. dxe4 Nf6 23. Qf3 Rfd8 24. e5 Nd5 25. Qf2 Nxe3 26. Qxe3 Ra8 27. h3 Bf8
28. Ra4 Qb7 29. Qe2 Qb5 30. Ra5 Qc6 31. Kh2 Rd7 32. Raa1 Rad8 33. Qf3 Qxf3 34.
Rxf3 Ra7 35. Rff1 Rd4 36. g3 Kg7 37. Kg2 h6 38. Rfd1 g5 39. Rxd4 cxd4 40. Kf3
Bc5 41. Ke4 f5+ 42. Kd3 Kg6 43. Nd2 g4 44. hxg4 fxg4 45. Ne4 Bb6 46. Nf6 a5 47.
Nxg4 h5 48. Nf6 h4 49. gxh4 Kf5 50. Rf1 Ra8 51. Ne4 Kg4 52. Nd6 Kxh4 53. f5
exf5 54. Nxf5+ 1-0

[Event "4NCL 3 North pool A"]
[Site "Wakefield, ENG ENG"]
[Date "2015.11.15"]
[Round "2.80"]
[White "Livesey, R Nigel"]
[Black "McLean, Robert"]
[Result "0-1"]
[WhiteElo "1788"]
[BlackElo "1847"]
[PlyCount "82"]
[EventDate "2015.11.15"]
[WhiteTeam "Manchester Manticores 3"]
[BlackTeam "3Cs 2"]

1. c4 e6 2. g3 d5 3. Nf3 Nf6 4. Bg2 Be7 5. O-O O-O 6. cxd5 exd5 7. d4 c6 8. Nc3
Bf5 9. Nh4 Be6 10. Bg5 h6 11. Bc1 Nbd7 12. Qd3 Re8 13. Nf5 Bf8 14. Rb1 Nb6 15.
b3 Qd7 16. Ne3 Bh3 17. b4 Bxg2 18. Kxg2 Ne4 19. Nxe4 dxe4 20. Qc3 Nd5 21. Nxd5
cxd5 22. Bf4 Rac8 23. Qb2 Rc4 24. a3 Rec8 25. Rfc1 Qa4 26. Rxc4 Rxc4 27. Rc1 b5
28. Rxc4 bxc4 29. Bd2 Be7 30. Bc3 Kf8 31. f3 f5 32. fxe4 fxe4 33. Bd2 Ke8 34.
h4 Kd7 35. Qc3 Kc6 36. Qe3 Qb3 37. Qf4 c3 38. Qf5 cxd2 39. Qe6+ Bd6 40. Qc8+
Kb6 41. Qe6 Qxg3+ 0-1

[Event "4NCL 3 North pool A"]
[Site "Wakefield, ENG ENG"]
[Date "2015.11.15"]
[Round "2.85"]
[White "White, Mark W"]
[Black "Natt, Anthony L"]
[Result "1-0"]
[WhiteElo "2079"]
[BlackElo "1937"]
[PlyCount "69"]
[EventDate "2015.11.15"]
[WhiteTeam "Jorvik"]
[BlackTeam "Spirit of Atticus C"]

1. e4 c5 2. d4 cxd4 3. c3 g6 4. cxd4 d5 5. e5 Bg7 6. Nc3 Nc6 7. h3 f6 8. exf6
exf6 9. Nf3 Nge7 10. Bd3 O-O 11. O-O Kh8 12. Bf4 a6 13. Qd2 Bf5 14. Rad1 b5 15.
Rfe1 Qd7 16. Bxf5 Nxf5 17. Qc2 Rfe8 18. Rxe8+ Rxe8 19. Qb3 Rd8 20. Ne2 Re8 21.
Ng3 Nxg3 22. Bxg3 Bf8 23. Rc1 Rc8 24. Qe3 Re8 25. Qf4 Re6 26. Ne5 Nxe5 27. dxe5
f5 28. Bh4 Bg7 29. Bf6 Rc6 30. Rxc6 Qxc6 31. Qb4 Qe8 32. Qd6 Bxf6 33. exf6 Kg8
34. Qxd5+ Kf8 35. Kf1 {time} 1-0

[Event "4NCL 3 North pool A"]
[Site "Wakefield, ENG ENG"]
[Date "2015.11.15"]
[Round "2.86"]
[White "Connor, Stephen J"]
[Black "Cowan, Richard M"]
[Result "1-0"]
[WhiteElo "2012"]
[BlackElo "1896"]
[PlyCount "63"]
[EventDate "2015.11.15"]
[WhiteTeam "Spirit of Atticus C"]
[BlackTeam "Jorvik"]

1. e4 c6 2. d4 d5 3. exd5 cxd5 4. Bd3 Nc6 5. c3 Qc7 6. Ne2 Bg4 7. Qb3 Bxe2 8.
Kxe2 e6 9. Nd2 Bd6 10. Nf3 Nge7 11. Bg5 f6 12. Bh4 O-O-O 13. Bg3 e5 14. dxe5
fxe5 15. Ng5 e4 16. Bb5 Qd7 17. Nf7 Qg4+ 18. Kf1 Bxg3 19. Bxc6 Nxc6 20. Nxd8
Rxd8 21. hxg3 e3 22. Qd1 Qe6 23. Qf3 exf2 24. Qxf2 Qd6 25. Kg1 Rf8 26. Qe3 Qg6
27. Re1 Kc7 28. Rh4 Rf5 29. Rf4 Rg5 30. Rf7+ Kc8 31. Qe8+ Nd8 32. Qd7+ 1-0

[Event "4NCL 3 North pool A"]
[Site "Wakefield, ENG ENG"]
[Date "2015.11.15"]
[Round "2.87"]
[White "Nezis, Anastasios"]
[Black "McDonagh, Michael"]
[Result "1/2-1/2"]
[WhiteElo "1927"]
[BlackElo "1930"]
[PlyCount "109"]
[EventDate "2015.11.15"]
[WhiteTeam "Jorvik"]
[BlackTeam "Spirit of Atticus C"]

1. e4 e6 2. d3 d5 3. Nd2 Nf6 4. Ngf3 g6 5. g3 Bg7 6. Bg2 O-O 7. O-O c5 8. Re1
Nc6 9. c3 b6 10. e5 Nd7 11. d4 f6 12. exf6 Nxf6 13. Ne5 Nxe5 14. dxe5 Nd7 15.
Nf3 Rb8 16. Bf4 Re8 17. b3 Ba6 18. Qd2 Nf8 19. Rad1 Qc7 20. h4 b5 21. b4 Bb7
22. bxc5 Qxc5 23. Nd4 a6 24. Bh3 Rbc8 25. Re3 a5 26. Rb1 Ba6 27. Bf1 Rb8 28. a4
bxa4 29. Rxb8 Rxb8 30. Bxa6 a3 31. Bb5 Rxb5 32. Nxb5 Qxb5 33. Re2 Qb3 34. Kg2
a4 35. Qc2 Nd7 36. Bc1 Bf8 37. f4 Nb6 38. h5 gxh5 39. f5 Qxc2 40. Rxc2 exf5 41.
e6 Be7 42. Bh6 Nc4 43. Kf3 Nb2 44. Kf4 Bf8 45. Bxf8 Kxf8 46. Kxf5 a2 47. Rxb2
a1=Q 48. Rb8+ Ke7 49. Rb7+ Kd8 50. Kf6 Qxc3+ 51. Kf7 Qxg3 52. e7+ Kc8 53. Ra7
Qg6+ 54. Kf8 Qf6+ 55. Kg8 1/2-1/2

[Event "4NCL 3 North pool A"]
[Site "Wakefield, ENG ENG"]
[Date "2015.11.15"]
[Round "2.88"]
[White "Mort, Andrew J"]
[Black "Flint, Martina"]
[Result "1/2-1/2"]
[WhiteElo "1920"]
[BlackElo "1806"]
[PlyCount "52"]
[EventDate "2015.11.15"]
[WhiteTeam "Spirit of Atticus C"]
[BlackTeam "Jorvik"]

1. c4 g6 2. g3 Bg7 3. Bg2 c6 4. Nf3 e5 5. Nc3 d6 6. O-O Ne7 7. d3 O-O 8. Rb1 f5
9. Qc2 Nd7 10. b4 h6 11. Nd2 Nb6 12. b5 d5 13. bxc6 bxc6 14. cxd5 Nexd5 15. Na4
Nxa4 16. Qxa4 Rf6 17. Bb2 Re6 18. Rfc1 Kh7 19. Nb3 Nb6 20. Qa5 Qc7 21. Nc5 Rd6
22. Rc2 Qf7 23. Rbc1 Nd5 24. Ba3 Rf6 25. Bb2 Rd6 26. Ba3 Rf6 1/2-1/2

[Event "4NCL 3 North pool A"]
[Site "Wakefield, ENG ENG"]
[Date "2015.11.15"]
[Round "2.89"]
[White "Anderson, Paul W"]
[Black "Lloyd, Stephen M"]
[Result "1-0"]
[WhiteElo "1822"]
[BlackElo "1847"]
[PlyCount "87"]
[EventDate "2015.11.15"]
[WhiteTeam "Jorvik"]
[BlackTeam "Spirit of Atticus C"]

1. c4 e5 2. Nc3 Nc6 3. Nf3 d6 4. g3 g6 5. d4 exd4 6. Nxd4 Nge7 7. Bg5 Bg7 8.
Nxc6 bxc6 9. Bg2 Bd7 10. Qc1 h6 11. Bd2 Be6 12. b3 Qd7 13. Rb1 Rd8 14. O-O d5
15. cxd5 cxd5 16. Rd1 c6 17. Na4 Nf5 18. Nc5 Qe7 19. Nxe6 Qxe6 20. Qc5 Bd4 21.
Qc2 O-O 22. e4 dxe4 23. Bxe4 Nd6 24. Bg2 Qe2 25. Rf1 Rc8 26. Rbe1 Qh5 27. Qd3
Be5 28. Bf3 Qh3 29. Rxe5 Rcd8 30. Qc2 Nf5 31. Bg2 Qg4 32. Re4 Qh5 33. Bc3 Nd6
34. Rh4 Qg5 35. Bd2 Qf6 36. Rxh6 Qg7 37. Rh4 Nf5 38. Bc3 f6 39. Rc4 Qh6 40.
Rxc6 Rc8 41. Bxf6 Rce8 42. Qc4+ Kh7 43. Rc7+ Ne7 44. Bxe7 1-0

[Event "4NCL 3 North pool A"]
[Site "Wakefield, ENG ENG"]
[Date "2015.11.15"]
[Round "2.90"]
[White "Emerton, Keith"]
[Black "Andrews, Norman G"]
[Result "1-0"]
[WhiteElo "1810"]
[BlackElo "1574"]
[PlyCount "89"]
[EventDate "2015.11.15"]
[WhiteTeam "Spirit of Atticus C"]
[BlackTeam "Jorvik"]

1. Nf3 Nf6 2. g3 d5 3. d3 e6 4. Bg2 Bd6 5. Nbd2 Nbd7 6. O-O O-O 7. c4 c6 8. Qc2
b5 9. b3 Bb7 10. Bb2 e5 11. e4 d4 12. h3 Bb4 13. a3 Bxd2 14. Nxd2 a6 15. c5 Qe7
16. b4 Rfd8 17. Nb3 Nf8 18. f4 Nh5 19. Qf2 f6 20. Bc1 g6 21. fxe5 fxe5 22. g4
Ng7 23. Qg3 Rab8 24. Bh6 Nd7 25. Rf2 Rf8 26. Raf1 Rxf2 27. Rxf2 Rf8 28. Nd2
Rxf2 29. Qxf2 Qe6 30. Nb1 Qb3 31. Qf1 Qe6 32. Bf3 Qf6 33. Bd1 Qxf1+ 34. Kxf1
Kf7 35. Bb3+ Kf8 36. Nd2 Bc8 37. Nf3 a5 38. Kg2 axb4 39. axb4 Bb7 40. Ng5 Nf6
41. Ne6+ Ke7 42. Bxg7 Bc8 43. Ng5 Ne8 44. Bxe5 h6 45. Nf3 1-0